000 00541 a2200169 4500
003 OSt
005 20250702152158.0
008 250702b |||||||| |||| 00| 0 eng d
020 _a9789392861628
040 _coclc
082 _a305.56880954
_bRAI/B
100 _aRai, Ashok Kumar
_910599
245 _aDr. B. R. Ambedkar:
_b Life and Thoughts /
_cAshok Kumar Rai, Pravish Prakash
260 _aDelhi:
_bCity Publication,
_c2024
300 _a218 pages
942 _2ddc
_cBK
_h305.56880954
_iRAI/B
_k305.56880954
_mRAI/B
999 _c44593
_d44593